Statistics for The Originals Characters

Click here to take the quiz!

General Stats

  • This quiz has been taken 212 times
  • The average score is 20 of 39

Answer Stats

Answer% Correct
Klaus Mikaelson
100%
Elijah Mikaelson
100%
Kol Mikaelson
99%
Rebekah Mikaelson
98%
Freya Mikaelson
97%
Hope Mikaelson
95%
Finn Mikaelson
94%
Davina Claire
92%
Marcel Gerard
90%
Mikael Mikaelson
89%
Esther Mikaelson
88%
Hayley Marshall
87%
Camille O'Connell
70%
Jackson Kenner
68%
Vincent Griffith
57%
Sophie Deveraux
56%
Caroline Forbes
52%
Dahlia Mikaelson
50%
Aurora de Martel
48%
Tristan de Martel
45%
Lucien Castle
45%
Stefan Salvatore
43%
The Hollow
38%
Aiden L.
38%
Joshua Rosza
36%
Jane Ann-Deveraux
29%
Gia
27%
Alaric Saltzman
26%
Diego
25%
Kieran O'connell
24%
Eva Sinclair
24%
Thierry Vanchure
22%
Tatia
19%
Kaleb Westphall
18%
Oliver
18%
Roman
18%
Matt Donovan
14%
Francesco Correa
2%
Lenora
1%

Score Distribution

Percentile by Number Answered

Percent of People with Each Score

Your Score History

You have not taken this quiz